[Event "IV Cto España Selecciones Autonómicas"]
[Site "Villava - Navarra"]
[Date "2009.05.02"]
[Round "4.6"]
[White "Llaneza Vega, Patricia"]
[Black "Garcia Vicente, Nieves"]
[Result "1/2-1/2"]
[WhiteElo "2229"]
[BlackElo "2219"]
[PlyCount "97"]
[EventDate "2009.??.??"]
[EventRounds "6"]
[EventCountry "ESP"]
[SourceDate "2009.05.02"]
[WhiteTeam "Cataluña"]
[BlackTeam "Aragón"]

1. e4 e5 2. Nc3 Nf6 3. g3 d5 4. exd5 Nxd5 5. Bg2 Nxc3 6. bxc3 Nc6 7. Nf3 Bc5 8.
O-O O-O 9. Re1 Re8 10. d3 h6 11. h3 Bf5 12. Rb1 Bb6 13. Rb5 Qf6 14. g4 Bd7 15.
g5 hxg5 16. Bxg5 Qg6 17. Qd2 f6 18. Be3 Bxh3 19. Nh4 Qg4 20. Bxb6 Bxg2 21. Nxg2
axb6 22. Re4 Qg6 23. Rb2 f5 24. Re3 f4 25. Rh3 Rf8 26. Qe2 Rae8 27. f3 Rf5 28.
Qe4 Rg5 29. Qxg6 Rxg6 30. Kf2 Ree6 31. d4 exd4 32. Nxf4 dxc3 33. Rb3 Rh6 34.
Nxe6 Rxh3 35. Rxc3 Rh5 36. Nxc7 Rc5 37. Rxc5 bxc5 38. Ne6 b6 39. c3 Kf7 40. Nf4
b5 41. Ke3 g5 42. Nh3 Kf6 43. Nf2 b4 44. Ne4+ Kf5 45. cxb4 cxb4 46. Nc5 Ke5 47.
Ne4 Kf5 48. Nc5 Ke5 49. Ne4 1/2-1/2

[Event "IV Cto España Selecciones Autonómicas"]
[Site "Villava - Navarra"]
[Date "2009.05.02"]
[Round "4.1"]
[White "Salgado Lopez, Ivan"]
[Black "Almagro Llamas, Pablo"]
[Result "1-0"]
[WhiteElo "2559"]
[BlackElo "2479"]
[PlyCount "91"]
[EventDate "2009.??.??"]
[EventRounds "6"]
[EventCountry "ESP"]
[SourceDate "2009.05.02"]
[WhiteTeam "Galicia"]
[BlackTeam "Madrid"]

1. e4 c6 2. d4 d5 3. Nc3 dxe4 4. Nxe4 Bf5 5. Ng3 Bg6 6. Nf3 Nf6 7. h4 Nh5 8.
Ne2 e6 9. Ne5 Nd7 10. Nxg6 hxg6 11. g3 Qc7 12. Bg2 Be7 13. c3 Nhf6 14. Bd2 e5
15. Qc2 Bd6 16. O-O-O O-O-O 17. Bg5 Kb8 18. Rhe1 Rhe8 19. dxe5 Nxe5 20. Nd4 Ka8
21. Kb1 Qb6 22. Qb3 Qc7 23. Bf4 Neg4 24. Nxc6 Rxe1 25. Nxd8 Rxd1+ 26. Qxd1 Qxd8
27. Bxd6 Nxf2 28. Qd4 Ne8 29. Bf8 Qxd4 30. cxd4 Ng4 31. Bf3 Ngf6 32. g4 Kb8 33.
g5 Nd7 34. Bb4 Nb6 35. Bd2 Nc4 36. Bf4+ Ncd6 37. Kc2 Kc7 38. Kd3 b6 39. a4 Kd7
40. b4 Nc7 41. Be5 Nf5 42. Bg4 Nd5 43. h5 Ke7 44. Bxf5 gxf5 45. h6 gxh6 46.
gxh6 1-0

[Event "IV Cto España Selecciones Autonómicas"]
[Site "Villava - Navarra"]
[Date "2009.05.02"]
[Round "4.2"]
[White "Moreno Ruiz, Javier"]
[Black "Pena Gomez, Manuel"]
[Result "0-1"]
[WhiteElo "2441"]
[BlackElo "2456"]
[PlyCount "88"]
[EventDate "2009.??.??"]
[EventRounds "6"]
[EventCountry "ESP"]
[SourceDate "2009.05.02"]
[WhiteTeam "Madrid"]
[BlackTeam "Galicia"]

1. c4 Nf6 2. g3 g6 3. Bg2 Bg7 4. Nc3 O-O 5. e4 d6 6. Nge2 e5 7. O-O Nc6 8. f4
exf4 9. gxf4 Bg4 10. d4 Na5 11. Qd3 c5 12. Be3 Re8 13. Rae1 Bxe2 14. Nxe2 Ng4
15. Bd2 cxd4 16. Nxd4 Qb6 17. Bc3 Nc6 18. Rd1 Nxd4 19. Bxd4 Bxd4+ 20. Qxd4 Ne3
21. Qxb6 axb6 22. Rxd6 Nxf1 23. Kxf1 Rxa2 24. Rxb6 Rc8 25. Rb4 b5 26. cxb5 Rc1+
27. Kf2 Rc2+ 28. Kg3 Raxb2 29. Rxb2 Rxb2 30. Bf1 f6 31. h4 Kg7 32. e5 fxe5 33.
fxe5 Rb4 34. Be2 Kf7 35. Bf1 Ke6 36. Bh3+ Kxe5 37. Bd7 h5 38. Be8 Rb3+ 39. Kh2
Kf5 40. Bd7+ Kf4 41. Be8 Kg4 42. Bxg6 Rxb5 43. Be8 Rb2+ 44. Kg1 Kxh4 0-1

[Event "IV Cto España Selecciones Autonómicas"]
[Site "Villava - Navarra"]
[Date "2009.05.02"]
[Round "4.3"]
[White "Suarez Pousa, Diego"]
[Black "Candela Perez, Jose"]
[Result "1-0"]
[WhiteElo "2431"]
[BlackElo "2411"]
[PlyCount "131"]
[EventDate "2009.??.??"]
[EventRounds "6"]
[EventCountry "ESP"]
[SourceDate "2009.05.02"]
[WhiteTeam "Galicia"]
[BlackTeam "Madrid"]

1. e4 e5 2. Nf3 Nc6 3. Bb5 a6 4. Ba4 Nf6 5. d3 d6 6. c3 g6 7. Nbd2 Bg7 8. Nf1
O-O 9. Ng3 b5 10. Bb3 Na5 11. Bc2 c5 12. Bd2 Nc6 13. Qc1 d5 14. exd5 Qxd5 15.
Bh6 Bg4 16. Nh4 Qd8 17. h3 Be6 18. Nf3 Bd5 19. Ne4 Nd7 20. h4 f5 21. Bxg7 Kxg7
22. Ng3 h6 23. Qd2 Nb6 24. Kf1 c4 25. h5 g5 26. d4 e4 27. Ne5 Nxe5 28. dxe5 Qe7
29. Qd4 Qe6 30. Rd1 Rad8 31. Ke2 Bb7 32. Qc5 Nd5 33. Rhe1 Nf4+ 34. Kf1 Nd3 35.
Bxd3 cxd3 36. Kg1 Rd5 37. Qa7 Rf7 38. Nf1 Rxe5 39. Qb8 Rc5 40. Rxd3 Rc8 41. Qa7
Qf6 42. Rd2 Bd5 43. Qd4 Bxa2 44. Ra1 Bc4 45. Rxa6 Qxd4 46. Rxd4 Bd3 47. Ne3 f4
48. Ng4 Re7 49. Rg6+ Kf8 50. Nxh6 Rg7 51. Rf6+ Ke8 52. Nf5 Rh7 53. Rg6 Rcc7 54.
Rxg5 Ra7 55. h6 Ra1+ 56. Kh2 e3 57. Ng7+ Kf7 58. Rxf4+ Ke7 59. Re5+ Kd6 60.
Rxe3 Rxh6+ 61. Rh3 Rxh3+ 62. Kxh3 Bc4 63. Nf5+ Ke5 64. Kg3 Rb1 65. Ne3 Bd3 66.
Rd4 1-0

[Event "IV Cto España Selecciones Autonómicas"]
[Site "Villava - Navarra"]
[Date "2009.05.02"]
[Round "4.4"]
[White "Gallardo Garcia, Andres"]
[Black "Paramos Dominguez, Roberto"]
[Result "0-1"]
[WhiteElo "2407"]
[BlackElo "2429"]
[PlyCount "42"]
[EventDate "2009.??.??"]
[EventRounds "6"]
[EventCountry "ESP"]
[SourceDate "2009.05.02"]
[WhiteTeam "Madrid"]
[BlackTeam "Galicia"]

1. d4 Nf6 2. c4 g6 3. Nc3 d5 4. Bf4 Bg7 5. e3 O-O 6. Nf3 c5 7. dxc5 Qa5 8. Rc1
dxc4 9. Bxc4 Qxc5 10. Bb3 Nc6 11. O-O Qa5 12. Qe2 Nh5 13. Bg5 h6 14. Bh4 g5 15.
Rfd1 e6 16. Ne4 gxh4 17. Rc5 Qb4 18. Rc4 Qe7 19. Nc3 Rd8 20. Rxh4 Rxd1+ 21.
Qxd1 Nf6 0-1

[Event "IV Cto España Selecciones Autonómicas"]
[Site "Villava - Navarra"]
[Date "2009.05.02"]
[Round "4.5"]
[White "Garcia Castro, Pablo"]
[Black "Arribas Lopez, Angel"]
[Result "1-0"]
[WhiteElo "2373"]
[BlackElo "2379"]
[PlyCount "131"]
[EventDate "2009.??.??"]
[EventRounds "6"]
[EventCountry "ESP"]
[SourceDate "2009.05.02"]
[WhiteTeam "Galicia"]
[BlackTeam "Madrid"]

1. e4 c5 2. Nf3 d6 3. Be2 Nf6 4. d3 g6 5. O-O Bg7 6. Re1 O-O 7. Bf1 e5 8. c3
Nc6 9. a3 h6 10. b4 b6 11. Nbd2 Be6 12. Bb2 Ne8 13. d4 exd4 14. cxd4 Nc7 15.
Qc2 Nxd4 16. Nxd4 cxd4 17. Nf3 d5 18. Nxd4 dxe4 19. Nc6 Qe8 20. Bxg7 Kxg7 21.
Qxe4 Kh7 22. Rac1 Qd7 23. Red1 Nd5 24. Ne5 Qd6 25. Qd4 Rfd8 26. h4 h5 27. Ba6
f6 28. Nc6 Rd7 29. Re1 Bf7 30. g3 Rc7 31. b5 Qxa3 32. Rc2 Kg7 33. Nb4 Rxc2 34.
Nxc2 Qc3 35. Qxc3 Nxc3 36. Re7 Kf8 37. Rd7 Be6 38. Rd3 Ne2+ 39. Kf1 Bc4 40.
Kxe2 Rd8 41. Nb4 g5 42. Ke3 Bxd3 43. Nxd3 Rd7 44. Nb4 Ke7 45. Ke4 Rd2 46. Ke3
Rb2 47. Nc6+ Kd6 48. Nxa7 Rb3+ 49. Ke4 g4 50. Nc8+ Ke6 51. Nxb6 f5+ 52. Kf4
Rf3+ 53. Kg5 Rxf2 54. Bc8+ Ke5 55. Nd7+ Ke4 56. Nf6+ Kf3 57. Bxf5 Rb2 58. Nxh5
Rxb5 59. Nf6 Kxg3 60. h5 Kf3 61. Nxg4 Rb8 62. Nf6 Ke3 63. h6 Rh8 64. Bh7 Kd4
65. Kg6 Ke5 66. Ng8 1-0

[Event "IV Cto España Selecciones Autonómicas"]
[Site "Villava - Navarra"]
[Date "2009.05.02"]
[Round "4.1"]
[White "Mascaro March, Pedro"]
[Black "Llaneza Vega, Marcos"]
[Result "1/2-1/2"]
[WhiteElo "2367"]
[BlackElo "2522"]
[PlyCount "39"]
[EventDate "2009.??.??"]
[EventRounds "6"]
[EventCountry "ESP"]
[SourceDate "2009.05.02"]
[WhiteTeam "Baleares"]
[BlackTeam "Asturias"]

1. d4 Nf6 2. c4 g6 3. Nc3 d5 4. Bg5 Ne4 5. Bh4 Nxc3 6. bxc3 dxc4 7. Qa4+ Qd7 8.
Qxc4 b6 9. Nf3 Ba6 10. Qb3 Bg7 11. e3 Bxf1 12. Kxf1 O-O 13. Ke2 c5 14. dxc5 Na6
15. Rhd1 Qc7 16. cxb6 axb6 17. Rab1 Nc5 18. Qc4 Ra3 19. Kf1 e6 20. Bg3 1/2-1/2

[Event "IV Cto España Selecciones Autonómicas"]
[Site "Villava - Navarra"]
[Date "2009.05.02"]
[Round "4.2"]
[White "Aguera Naredo, Javier"]
[Black "Massanet Massanet, Sebastian"]
[Result "0-1"]
[WhiteElo "2380"]
[BlackElo "2279"]
[PlyCount "50"]
[EventDate "2009.??.??"]
[EventRounds "6"]
[EventCountry "ESP"]
[SourceDate "2009.05.02"]
[WhiteTeam "Asturias"]
[BlackTeam "Baleares"]

1. e4 e6 2. d4 d5 3. Nd2 Nf6 4. e5 Nfd7 5. Bd3 c5 6. c3 Nc6 7. Ngf3 Be7 8. O-O
a5 9. Re1 cxd4 10. cxd4 Qb6 11. Nb1 Nxd4 12. Nxd4 Qxd4 13. Nc3 Bc5 14. Be3 Qh4
15. Rc1 d4 16. Qa4 O-O 17. Ne4 dxe3 18. Nf6+ Qxf6 19. exf6 exf2+ 20. Kh1
fxe1=Q+ 21. Rxe1 Nxf6 22. Rf1 Be7 23. Qh4 h6 24. h3 Bd7 25. Bb1 Bc6 0-1

[Event "IV Cto España Selecciones Autonómicas"]
[Site "Villava - Navarra"]
[Date "2009.05.02"]
[Round "4.5"]
[White "Grau Carreras, Monica"]
[Black "Santos Latasa, Jaime"]
[Result "1/2-1/2"]
[WhiteElo "2063"]
[BlackElo "2155"]
[PlyCount "67"]
[EventDate "2009.??.??"]
[EventRounds "6"]
[EventCountry "ESP"]
[SourceDate "2009.05.02"]
[WhiteTeam "Baleares"]
[BlackTeam "Asturias"]

1. e4 c5 2. Nf3 d6 3. d3 Nf6 4. g3 e6 5. Bg2 Qc7 6. O-O Be7 7. Nbd2 Nc6 8. c3
d5 9. Re1 b6 10. Nf1 Ba6 11. a3 dxe4 12. dxe4 O-O 13. Qa4 Bb7 14. Bf4 e5 15.
Bg5 h6 16. Bxf6 Bxf6 17. Ne3 Ne7 18. Rad1 Rad8 19. Nd2 Bc6 20. Qc2 Bg5 21. Ndf1
Bxe3 22. Nxe3 f6 23. f3 Rxd1 24. Rxd1 Rd8 25. Bh3 Kf7 26. Qb3+ Kf8 27. Kf2 Rxd1
28. Qxd1 Be8 29. Be6 Bc6 30. Qd2 b5 31. Ng4 Ng8 32. Ne3 Ne7 33. Ng4 Ng8 34. Ne3
1/2-1/2

[Event "IV Cto España Selecciones Autonómicas"]
[Site "Villava - Navarra"]
[Date "2009.05.02"]
[Round "4.6"]
[White "Fidalgo Fernandez, Lucia"]
[Black "Bujosa Ribas, Joan"]
[Result "1-0"]
[WhiteElo "2102"]
[BlackElo "2019"]
[PlyCount "55"]
[EventDate "2009.??.??"]
[EventRounds "6"]
[EventCountry "ESP"]
[SourceDate "2009.05.02"]
[WhiteTeam "Asturias"]
[BlackTeam "Baleares"]

1. d4 Nf6 2. Bf4 d5 3. e3 c5 4. c3 Nc6 5. Nd2 e6 6. Ngf3 Be7 7. Be2 Qb6 8. Qb3
O-O 9. h3 Qxb3 10. axb3 cxd4 11. exd4 Bd7 12. b4 a6 13. O-O Rfc8 14. Nb3 Ne4
15. Ra2 Bd8 16. Rfa1 Na7 17. Bxa6 bxa6 18. Rxa6 Bc7 19. Rxa7 Rxa7 20. Rxa7 Bxf4
21. Rxd7 h6 22. Ra7 Nxc3 23. bxc3 Rxc3 24. Nbd2 Rc1+ 25. Nf1 Rb1 26. Rb7 f6 27.
g3 Bd6 28. b5 1-0

[Event "IV Cto España Selecciones Autonómicas"]
[Site "Villava - Navarra"]
[Date "2009.05.02"]
[Round "4.1"]
[White "Cacho Reigadas, Sergio"]
[Black "Sesma Rubio, Patxi"]
[Result "0-1"]
[WhiteElo "2469"]
[BlackElo "2080"]
[PlyCount "66"]
[EventDate "2009.??.??"]
[EventRounds "6"]
[EventCountry "ESP"]
[SourceDate "2009.05.02"]
[WhiteTeam "Cantabria"]
[BlackTeam "Navarra B"]

1. Nf3 d5 2. d4 c5 3. g3 cxd4 4. Nxd4 e5 5. Nb3 Nc6 6. Bg2 Be6 7. O-O h6 8. f4
e4 9. Be3 Nf6 10. c3 Bd6 11. Bd4 Nxd4 12. cxd4 Qd7 13. Nc3 Rc8 14. Rc1 O-O 15.
Na1 b5 16. Qd2 b4 17. Nd1 Rxc1 18. Qxc1 Qa4 19. Qb1 Qb5 20. Re1 Bg4 21. Bf1 Rc8
22. Ne3 a5 23. Nxg4 Nxg4 24. e3 Qc6 25. Qd1 Nf6 26. g4 g5 27. fxg5 hxg5 28. Be2
Qc7 29. Rf1 Bxh2+ 30. Kh1 Kg7 31. Rxf6 Kxf6 32. Qf1+ Kg7 33. Qf5 Rh8 0-1

[Event "IV Cto España Selecciones Autonómicas"]
[Site "Villava - Navarra"]
[Date "2009.05.02"]
[Round "4.2"]
[White "Ojer Lora, Iker"]
[Black "Bernal Moro, Luis Javier"]
[Result "0-1"]
[WhiteElo "2081"]
[BlackElo "2448"]
[PlyCount "120"]
[EventDate "2009.??.??"]
[EventRounds "6"]
[EventCountry "ESP"]
[SourceDate "2009.05.02"]
[WhiteTeam "Navarra B"]
[BlackTeam "Cantabria"]

1. e4 c5 2. a3 e6 3. b4 b6 4. Bb2 Bb7 5. bxc5 Bxe4 6. Nc3 Bc6 7. cxb6 axb6 8.
Nf3 Nf6 9. Bb5 Be7 10. O-O O-O 11. Qe2 Bb7 12. d3 Na6 13. Ne5 Nc7 14. a4 Ncd5
15. Nxd5 Bxd5 16. c4 Bb7 17. Qe3 d6 18. Nc6 Bxc6 19. Bxc6 Rc8 20. Bb5 d5 21.
Bd4 Bc5 22. Rfd1 Qc7 23. Bxc5 Qxc5 24. Qxc5 Rxc5 25. Rab1 Ra8 26. f3 Kf8 27.
Rdc1 d4 28. Kf2 Ke7 29. Rb2 Kd6 30. Ra1 Ra5 31. g4 h5 32. h3 g5 33. Re1 Ra8 34.
Kg3 h4+ 35. Kf2 Ng8 36. Re4 e5 37. Ree2 Ne7 38. f4 gxf4 39. Kf3 f6 40. Rg2 Rg8
41. Ra2 Nc6 42. Ke4 Rg5 43. Rab2 Na5 44. Ba6 Kc7 45. Bb5 Nb7 46. Kf3 Rg8 47.
Ra2 Nd6 48. Rae2 Nf7 49. Ra2 Ng5+ 50. Kf2 Nxh3+ 51. Kf1 Ng5 52. a5 bxa5 53.
Rxa5 e4 54. Ra7+ Kd6 55. Rga2 f3 56. R2a6+ Ke5 57. Re7+ Kf4 58. Rxf6+ Ke3 59.
dxe4 Ra8 60. Kg1 Ra1+ 0-1

[Event "IV Cto España Selecciones Autonómicas"]
[Site "Villava - Navarra"]
[Date "2009.05.02"]
[Round "4.3"]
[White "Martin Fuentes, Alberto"]
[Black "Ortega Lopez, Adrian"]
[Result "1-0"]
[WhiteElo "2244"]
[BlackElo "1882"]
[PlyCount "59"]
[EventDate "2009.??.??"]
[EventRounds "6"]
[EventCountry "ESP"]
[SourceDate "2009.05.02"]
[WhiteTeam "Cantabria"]
[BlackTeam "Navarra B"]

1. e4 c5 2. Nc3 g6 3. d3 Bg7 4. g3 Nc6 5. Bg2 d6 6. f4 e6 7. Nf3 Nge7 8. O-O
O-O 9. Be3 b6 10. d4 Bb7 11. Qd2 Rc8 12. Rad1 c4 13. a3 d5 14. e5 Nf5 15. Bf2
Re8 16. g4 Nfe7 17. Nb5 Rb8 18. Bh4 Qd7 19. Nd6 Rf8 20. f5 exf5 21. gxf5 Nc8
22. f6 Bh8 23. Qh6 Qg4 24. Nxb7 Rxb7 25. Ng5 Qh5 26. Qxh5 gxh5 27. Bxd5 Rc7 28.
Be4 Rd8 29. Nxh7 Nxd4 30. Kh1 1-0

[Event "IV Cto España Selecciones Autonómicas"]
[Site "Villava - Navarra"]
[Date "2009.05.02"]
[Round "4.5"]
[White "Ceballos Hornero, Daniel"]
[Black "Jimenez Almeida, Luis David"]
[Result "1-0"]
[WhiteElo "2209"]
[BlackElo "1790"]
[PlyCount "69"]
[EventDate "2009.??.??"]
[EventRounds "6"]
[EventCountry "ESP"]
[SourceDate "2009.05.02"]
[WhiteTeam "Cantabria"]
[BlackTeam "Navarra B"]

1. c4 e5 2. Nc3 c6 3. d4 exd4 4. Qxd4 Nf6 5. Bg5 Be7 6. Nf3 O-O 7. e4 Ne8 8.
Bxe7 Qxe7 9. Be2 d6 10. O-O Bg4 11. Rfe1 Nd7 12. Rad1 Bxf3 13. Bxf3 Ne5 14. Be2
a6 15. f4 c5 16. Qf2 Nc6 17. Bf3 Nc7 18. e5 Nd4 19. Bxb7 Rad8 20. Bd5 dxe5 21.
Rxe5 Qd6 22. Rde1 Kh8 23. Qh4 f5 24. R1e3 Rf6 25. Qf2 Rdf8 26. Rg3 Rd8 27. a3
Nb3 28. Qe3 Rb8 29. Re7 Ne8 30. Rxe8+ Rxe8 31. Qxe8+ Rf8 32. Qe5 Qxe5 33. fxe5
Nd4 34. b4 Rb8 35. Rd3 1-0

[Event "IV Cto España Selecciones Autonómicas"]
[Site "Villava - Navarra"]
[Date "2009.05.02"]
[Round "4.6"]
[White "Sevilla Subiza, Marina"]
[Black "Iglesias Gascon, Albanta"]
[Result "1/2-1/2"]
[WhiteElo "1568"]
[BlackElo "1993"]
[PlyCount "92"]
[EventDate "2009.??.??"]
[EventRounds "6"]
[EventCountry "ESP"]
[SourceDate "2009.05.02"]
[WhiteTeam "Navarra B"]
[BlackTeam "Cantabria"]

1. d4 d5 2. c4 e6 3. Nc3 Nf6 4. Bg5 Be7 5. Nf3 c6 6. e3 Nbd7 7. Bd3 dxc4 8.
Bxc4 O-O 9. O-O Qc7 10. Qd3 Rd8 11. Bb3 Nc5 12. Qc2 Nxb3 13. Qxb3 b6 14. Rac1
Ba6 15. Rfd1 Qb7 16. Ne5 Rac8 17. Nb1 Bd6 18. Nc4 Bb8 19. Nbd2 Rd5 20. Nf3 Ne4
21. Bh4 g5 22. Qd3 f5 23. Nxg5 Nxg5 24. Bxg5 Qg7 25. Bh4 Kh8 26. e4 Rg8 27. Qf3
Rxd4 28. Rxd4 Qxd4 29. Ne3 Qe5 30. g3 Rf8 31. exf5 exf5 32. Qxc6 Qxb2 33. Qc3+
Qxc3 34. Rxc3 Bb7 35. Kf1 Be4 36. Be7 Re8 37. Bf6+ Kg8 38. Nc2 f4 39. Nd4 fxg3
40. hxg3 Bb7 41. Nc6 Bxc6 42. Rxc6 Rf8 43. Bh4 Re8 44. Rc4 Bd6 45. Rg4+ Kf7 46.
Rd4 Re6 1/2-1/2

[Event "IV Cto España Selecciones Autonómicas"]
[Site "Villava - Navarra"]
[Date "2009.05.02"]
[Round "4.2"]
[White "Gallego Eraso, Francisco"]
[Black "De La Villa Garcia, Jesus Maria"]
[Result "1/2-1/2"]
[WhiteElo "2365"]
[BlackElo "2476"]
[PlyCount "102"]
[EventDate "2009.??.??"]
[EventRounds "6"]
[EventCountry "ESP"]
[SourceDate "2009.05.02"]

1. d4 Nf6 2. c4 e6 3. Nf3 d5 4. g3 dxc4 5. Bg2 Bb4+ 6. Bd2 a5 7. O-O O-O 8. a4
Nc6 9. Na3 Bxd2 10. Qxd2 e5 11. dxe5 Nxe5 12. Qxd8 Nxf3+ 13. Bxf3 Rxd8 14. Nxc4
Be6 15. Rfc1 Rd4 16. Ne3 c6 17. Nc2 Rd2 18. Ra3 Rad8 19. Kg2 g5 20. h3 h5 21.
g4 hxg4 22. hxg4 Bxg4 23. Bxg4 Nxg4 24. Rc3 Ne5 25. Kf1 f6 26. Ke1 Kf7 27. Rb3
R2d7 28. Ne3 Rh8 29. Nf1 Rh4 30. Ra1 Rh1 31. f3 Nc4 32. Kf2 Nd2 33. Rb6 Nc4 34.
Rb3 Nd2 35. Rb6 Nxf1 36. Rxf1 Rh2+ 37. Ke1 f5 38. b4 Re7 39. Rf2 Rh4 40. f4
Rxf4 41. bxa5 Rxa4 42. Rxf5+ Kg6 43. Rc5 Ra2 44. Kf1 Ra1+ 45. Kf2 Ra2 46. Kf1
Raxe2 47. Rxb7 Re1+ 48. Kf2 R1e2+ 49. Kf1 R7e6 50. Rxc6 Re1+ 51. Kf2 R1e2+
1/2-1/2

[Event "IV Cto España Selecciones Autonómicas"]
[Site "Villava - Navarra"]
[Date "2009.05.02"]
[Round "4.3"]
[White "Burguete Archel, Eduardo"]
[Black "Alonso Arburu, Juan Ignacio"]
[Result "0-1"]
[WhiteElo "2209"]
[BlackElo "2348"]
[PlyCount "90"]
[EventDate "2009.??.??"]
[EventRounds "6"]
[EventCountry "ESP"]
[SourceDate "2009.05.02"]

1. e4 e6 2. d4 d5 3. e5 c5 4. c3 Qb6 5. Nf3 Bd7 6. Be2 cxd4 7. Nxd4 Nc6 8. Nxc6
bxc6 9. O-O Ne7 10. Kh1 a5 11. a4 Ng6 12. f4 Ne7 13. Bd3 g6 14. Na3 h5 15. Qe2
Nf5 16. Bxf5 gxf5 17. Be3 Qb3 18. Rfb1 Bc8 19. Nc2 Ba6 20. Qd2 c5 21. Ra3 Qc4
22. b4 d4 23. cxd4 cxb4 24. Raa1 Rg8 25. Bg1 Bh6 26. Ne3 Qd3 27. Qf2 Qe4 28. d5
Bxf4 29. Re1 Bxe3 30. Rxe3 Qxd5 31. Rg3 Rxg3 32. Qxg3 Bb7 33. Rc1 Bc6 34. Qg8+
Kd7 35. Qxf7+ Kc8 36. Qg7 Qd7 37. Qf8+ Kb7 38. Qc5 Ra6 39. h3 b3 40. Rc3 Bd5
41. Qf2 f4 42. Rc1 Qg7 43. Bh2 Rc6 44. Rd1 Rc2 45. Rd2 Qxg2+ 0-1

[Event "IV Cto España Selecciones Autonómicas"]
[Site "Villava - Navarra"]
[Date "2009.05.02"]
[Round "4.5"]
[White "Zamarbide Iñarrea, Daniel"]
[Black "Diaz Herrero, Alvaro"]
[Result "1-0"]
[WhiteElo "2150"]
[BlackElo "2121"]
[PlyCount "107"]
[EventDate "2009.??.??"]
[EventRounds "6"]
[EventCountry "ESP"]
[SourceDate "2009.05.02"]

1. e4 c5 2. Nf3 d6 3. d4 Nf6 4. Nc3 cxd4 5. Nxd4 g6 6. f3 Bg7 7. Be3 O-O 8. Qd2
Nc6 9. O-O-O d5 10. exd5 Nxd5 11. Nxc6 bxc6 12. Nxd5 cxd5 13. Qxd5 Qc7 14. Qc5
Qb7 15. Bd4 Bf5 16. Qa3 Bh6+ 17. Kb1 Rfd8 18. Be2 Qc7 19. Qa4 Rab8 20. g4 e5
21. Bxa7 Bxc2+ 22. Qxc2 Rxd1+ 23. Rxd1 Qxa7 24. Bc4 Qb7 25. Qb3 Qc7 26. Qc2 Rc8
27. b3 e4 28. fxe4 Bg7 29. Rf1 Rf8 30. a4 h6 31. h4 Qg3 32. h5 Qxg4 33. hxg6
Qxg6 34. Ka2 h5 35. Qf2 h4 36. Qxh4 Qg2+ 37. Qf2 Qxf2+ 38. Rxf2 Bc3 39. Ka3 Kg7
40. b4 f6 41. Kb3 Be5 42. Rg2+ Kh6 43. Rg8 Rxg8 44. Bxg8 Kg7 45. Bd5 Kf8 46.
Kc4 Ke7 47. Kc5 Bd6+ 48. Kb5 Kd7 49. a5 Kc7 50. Ka4 Kb8 51. b5 Ka7 52. b6+ Ka6
53. Be6 Kb7 54. Kb5 1-0

[Event "IV Cto España Selecciones Autonómicas"]
[Site "Villava - Navarra"]
[Date "2009.05.02"]
[Round "4.6"]
[White "Munoz Perez, Miriam"]
[Black "Goñi Osacar, Maria"]
[Result "1-0"]
[WhiteElo "2065"]
[BlackElo "2013"]
[PlyCount "75"]
[EventDate "2009.??.??"]
[EventRounds "6"]
[EventCountry "ESP"]
[SourceDate "2009.05.02"]

1. e4 e5 2. Nf3 Nc6 3. Bb5 a6 4. Ba4 Nf6 5. d3 b5 6. Bb3 Bc5 7. O-O O-O 8. Bg5
h6 9. Bh4 Be7 10. c3 d6 11. h3 Na5 12. Bc2 c5 13. Nbd2 Nh7 14. Bxe7 Qxe7 15.
Re1 Nc6 16. Nf1 f5 17. d4 Kh8 18. dxc5 dxc5 19. Qd5 Bb7 20. exf5 Nd4 21. Qxe5
Qxe5 22. Rxe5 Nxf3+ 23. gxf3 Bxf3 24. Re3 Bc6 25. Ng3 Ng5 26. Nh5 Nf3+ 27. Kf1
Nd2+ 28. Ke2 Nc4 29. Re6 Rae8 30. Nf4 Bd7 31. Ng6+ Kg8 32. Nxf8 Rxf8 33. Re7
Bxf5 34. Bxf5 Rxf5 35. b3 Ne5 36. Rg1 g5 37. Rd1 Kf8 38. Ra7 1-0

[Event "IV Cto España Selecciones Autonómicas"]
[Site "Villava - Navarra"]
[Date "2009.05.02"]
[Round "4.5"]
[White "Cruz Abdou, Juan Miguel"]
[Black "Ausin Matilla, Daniel"]
[Result "1-0"]
[WhiteElo "1705"]
[BlackElo "1936"]
[PlyCount "54"]
[EventDate "2009.??.??"]
[EventRounds "6"]
[EventCountry "ESP"]
[SourceDate "2009.05.02"]

1. e4 c5 2. Nf3 e6 3. d4 cxd4 4. Nxd4 Nc6 5. Nc3 Qc7 6. Be2 a6 7. O-O Nf6 8.
Be3 Bb4 9. f3 O-O 10. Nxc6 bxc6 11. a3 Be7 12. Na4 Rb8 13. b4 d5 14. exd5 cxd5
15. Nc5 a5 16. c3 Nd7 17. Nxd7 Bxd7 18. Rc1 Rfd8 19. Qb3 Qe5 20. c4 axb4 21.
cxd5 bxa3 22. Qc3 Qxd5 23. Rfd1 Qa8 24. Bc5 Rdc8 25. Rxd7 Rxc5 26. Qe3 Rxc1+
27. Qxc1 a2 1-0

[Event "IV Cto España Selecciones Autonómicas"]
[Site "Villava - Navarra"]
[Date "2009.05.02"]
[Round "4.2"]
[White "Espinosa Aranda, Angel"]
[Black "Moya Mallafre, Erik"]
[Result "1-0"]
[WhiteElo "2336"]
[BlackElo "2041"]
[PlyCount "85"]
[EventDate "2009.??.??"]
[EventRounds "6"]
[EventCountry "ESP"]
[SourceDate "2009.05.02"]

1. e4 c6 2. Nc3 d5 3. d4 dxe4 4. Nxe4 Bf5 5. Ng3 Bg6 6. Bc4 e6 7. N1e2 Bd6 8.
h4 h6 9. Nf4 Bxf4 10. Bxf4 Nf6 11. Qe2 Nbd7 12. O-O-O Nb6 13. Bb3 Nbd5 14. Be5
Qe7 15. c4 Nc7 16. h5 Bh7 17. Rhe1 O-O-O 18. Bc2 Bxc2 19. Qxc2 Ng4 20. Bf4 Qf6
21. Qd2 e5 22. dxe5 Rxd2 23. exf6 Rxd1+ 24. Rxd1 g5 25. hxg6 fxg6 26. Ne4 g5
27. Bg3 Rf8 28. Bd6 Rd8 29. Bxc7 Kxc7 30. Rxd8 Kxd8 31. Kd2 b6 32. f3 Ne5 33.
Nd6 c5 34. Ke3 Nc6 35. Nf7+ Kd7 36. Nxh6 Ke6 37. f7 Ke7 38. Ke4 Kf8 39. Ng4 Nd4
40. Ne5 Ke7 41. g4 Ne6 42. Kf5 a6 43. f8=Q+ 1-0

[Event "IV Cto España Selecciones Autonómicas"]
[Site "Villava - Navarra"]
[Date "2009.05.02"]
[Round "4.6"]
[White "Romero Diez, Sandra"]
[Black "Garcia Gomez, Estefania"]
[Result "1-0"]
[WhiteElo "1652"]
[BlackElo "1576"]
[PlyCount "67"]
[EventDate "2009.??.??"]
[EventRounds "6"]
[EventCountry "ESP"]
[SourceDate "2009.05.02"]

1. d4 d5 2. Nf3 e6 3. b3 Nf6 4. Bb2 Nbd7 5. e3 b6 6. Bd3 Bb7 7. O-O Bd6 8. Nbd2
O-O 9. Ne5 c5 10. f4 Ne4 11. Nxe4 dxe4 12. Bb5 Nf6 13. Qe1 a6 14. Be2 Nd5 15.
Qf2 f5 16. Rad1 Qc7 17. c4 Nf6 18. h3 Rad8 19. g4 h6 20. Qh4 fxg4 21. hxg4 cxd4
22. Bxd4 Nh7 23. Ng6 Rf7 24. g5 hxg5 25. fxg5 Rdd7 26. Bg4 Bg3 27. Qh3 Qd6 28.
Bxe6 Bc6 29. Qf5 Bh2+ 30. Kh1 Nxg5 31. Bxf7+ Nxf7 32. Qh3 Qxg6 33. Qxh2 Re7 34.
Rg1 1-0

[Event "IV Cto España Selecciones Autonómicas"]
[Site "Villava - Navarra"]
[Date "2009.05.02"]
[Round "4.1"]
[White "Saenz Narciso, Miguel Angel"]
[Black "Herraiz Hidalgo, Herminio"]
[Result "0-1"]
[WhiteElo "2093"]
[BlackElo "2520"]
[PlyCount "64"]
[EventDate "2009.??.??"]
[EventRounds "6"]
[EventCountry "ESP"]
[SourceDate "2009.05.02"]
[WhiteTeam "La Rioja"]
[BlackTeam "Castilla la Mancha"]

1. e4 e6 2. d4 d5 3. Nc3 Nf6 4. Bg5 Be7 5. e5 Nfd7 6. h4 c5 7. Qg4 f5 8. Qg3
Nc6 9. dxc5 Ndxe5 10. O-O-O O-O 11. Nh3 Nf7 12. Bb5 Bd7 13. Rhe1 Nxg5 14. hxg5
f4 15. Qh2 Bxg5 16. Nxd5 exd5 17. Rxd5 Bh6 18. Red1 f3+ 19. Kb1 Bxh3 20. Rxd8
Raxd8 21. Bd3 Bf5 22. gxf3 Nb4 23. Qh4 Nxd3 24. cxd3 Rxd3 25. Rxd3 Bxd3+ 26.
Ka1 Bb5 27. a3 Bc6 28. Qc4+ Kh8 29. Qd4 Bg5 30. Ka2 Rd8 31. Qg4 Bd5+ 32. Kb1
Bb3 0-1